000 00712nam a22002657a 4500
005 20260217184917.0
008 160808b1998 xxu||||| |||| 00| 0 spa d
041 _aESP
082 _a001.42 B139ma
100 _aBaena Paz, Guillermina
245 _aManual para elaborar trabajos de investigación documental
260 _aMéxico
260 _bEditores Mexicanos Unidos
260 _c1998
300 _a126 páginas
490 _aTemática General
650 _aMÉTODOS DE INVESTIGACIÓN
650 _aINVESTIGACIONES
650 _aMETODOLOGÍA
650 _aINVESTIGACIÓN DOCUMENTAL
650 _aFICHAS
650 _aORGANIZACIÓN DEL MATERIAL
650 _aREDACCIÓN
942 _cBK
_2ddc
999 _c8337
_d8337